|
书名:
|
室内消火栓安装
|
|
|
作者:
|
;中国建筑标准设计研究所发行
|
|
出版信息:
|
|
|
开本页数:
|
26cm 
|
|
丛书名:
|
|
|
单 册:
|
|
|
中图分类:
|
T
|
|
科图分类:
|
|
|
主题词:
|
工业技术
|
|
电子资源:
|
|
|
ISBN:
|
|
|
000
|
00561nam0 2200169 450
|
|
001
|
0631182453
|
|
005
|
20060309084010.90
|
|
010
|
|
@dCNY2.30
|
|
100
|
|
@a20060309d km y0chiy0120 ea
|
|
101
|
0
|
@achi
|
|
200
|
1
|
@a室内消火栓安装@Ashi nei xiao huo shuan an zhuang@f中国建筑标准设计研究所发行@Fzhong guo jian zhu biao zhun she ji yan jiu suo fa xing
|
|
215
|
|
@d26cm
|
|
606
|
0
|
@a工业技术
|
|
690
|
|
@aT@v3
|
|
711
|
0
|
@a中国建筑标准设计研究所发行@Azhong guo jian zhu biao zhun she ji yan jiu suo fa xing
|
|
801
|
0
|
@aCN@bNISOFT@c20060309
|
|
905
|
|
@a10447@dT@e1259
|
|
|
|
|
| |
| 室内消火栓安装/中国建筑标准设计研究所发行 |
| 26cm |
| |
| |
| ISBN :CNY2.30 |
| |
| ● |
正题名:室内消火栓安装
索取号:T/1259
 
预约/预借
| 序号
|
登录号
|
条形码
|
馆藏地/架位号
|
状态
|
备注
|
|
1
|
101987
|
201019879
|
海科密-1楼/55架8列3层/
[索取号:T/1259]
|
在馆
|
|